000
00328nam a2200145Ia 4500
999
_c
3782
_d
3782
008
191201s2007 xx 000 0 und d
020
_a
9780070634367
100
_a
Astrachan, Owen L.
245
0
_a
Programming with C++
250
_a
Rep.
260
_a
N.Delhi
_b
TMH
_c
2007
300
_a
848
650
_a
MCA
942
_2
ddc
_c
BK